000 00323 a2200145 4500
001 68448
020 _a9788574069135
040 _cAnchieta - Pituba
100 _aOuimet, David
240 1 0 _aEu fico sem silĂȘncio
_lpor
245 1 0 _aEu fico sem silĂȘncio
362 0 _a2021
650 4 _aLiteratura juvenil
942 _cBK
999 _c68448
_d68448